Statistiken für Rechtsformen der deutschen Fußballclubs

Klicken Sie hier um das Quiz zu spielen!

Allgemein

  • Dieses Quiz wurde 35 mal gespielt
  • Das Durchschnittsergebnis liegt bei 11 aus 36

Antwortstatistiken

VereinsnameRechtsform% Korrekt
Fußball-Club Bayern München e.V.Aktiengesellschaft
84%
1. Fußballclub Union Berlin e.V.eingetragener Verein
58%
Verein für Bewegungsspiele Stuttgart 1893 e.V.Aktiengesellschaft
45%
Eintracht Frankfurt e.V.Aktiengesellschaft
45%
Hamburger Sport - Verein e.V.Aktiengesellschaft
45%
Verein für Leibesübungen Wolfsburg e.V.Gesellschaft mit beschränkter Haftung
42%
RasenBallsport Leipzig e.V.Gesellschaft mit beschränkter Haftung
42%
"Borussia" Verein für Leibesübungen 1900Gesellschaft mit beschränkter Haftung
39%
Fußballclub Gelsenkirchen-Schalke 04 e.V.eingetragener Verein
35%
Sportverein Darmstadt 1898 e.V.eingetragener Verein
35%
Turn- und Sportverein Bayer 04 Leverkusen e.V.Gesellschaft mit beschränkter Haftung
35%
Turn- und Sportgemeinschaft Hoffenheim 1899 e.V.Gesellschaft mit beschränkter Haftung
35%
1. Fußball- und Sportverein Mainz 05 e.V.eingetragener Verein
32%
Sport-Club Freiburg e. V.eingetragener Verein
32%
Sportvereinigung 07 Elversbergeingetragener Verein
32%
Düsseldorfer Turn- und Sportverein FORTUNA 1895eingetragener Verein
29%
Kieler Sportvereinigung Holstein von 1900 e.V.eingetragener Verein
29%
1. Fußball-Club Nürnberg, Verein für Leibesübungen e. V.eingetragener Verein
29%
1. Fußballclub Heidenheim 1846 e.V.eingetragener Verein
29%
1. Fußballclub Magdeburg e.V.Gesellschaft mit beschränkter Haftung
29%
Sportverein Wehen 1926 - TaunussteinGesellschaft mit beschränkter Haftung
29%
Fußball-Club St. Pauli v. 1910 e.V.eingetragener Verein
23%
Ballspielverein Borussia 09 e.V. DortmundGmbH & Co. KGaA
19%
Hertha, Berliner Sport-Club (Hertha B.S.C.) e.V.GmbH & Co. KGaA
16%
Hannoverscher Sportverein von 1896GmbH & Co. KGaA
16%
1. Fußball-Club Kaiserslautern e.V.GmbH & Co. KGaA
16%
Karlsruher Sport-Club Mühlburg-Phönix e.V.GmbH & Co. KGaA
16%
Spielvereinigung Greuther Fürth e.V.GmbH & Co. KGaA
16%
Braunschweiger Turn- und Sportverein "Eintracht" von 1895 e.VGmbH & Co. KGaA
16%
1. Fußball-Club Köln 01/07 e.V.GmbH & Co. KGaA
16%
Verein für Leibesübungen von 1899 e.V. (Osnabrück)GmbH & Co. KGaA
16%
SC Paderborn 07 e.V.GmbH & Co. KGaA
16%
Fußballclub Hansa Rostock e.V.GmbH & Co. KGaA
16%
Sport-Verein "Werder" von 1899 e.V.GmbH & Co. KGaA
16%
Verein für Leibesübungen Bochum 1848 e.V.GmbH & Co. KGaA
16%
Fußball-Club Augsburg 1907 e.V.GmbH & Co. KGaA
16%

Verteilung der Resultate

Perzentil nach korrekt beantworteten Fragen

Anzahl Personen mit jedem Resultat

Ihre Resultats-Entwicklung

Sie haben dieses Quiz noch nicht gespielt